[Event "IECG TG.2004.0.15141"]
[Site "IECG email"]
[Date "2004.03.21"]
[Round "2"]
[White "Arif, Laith"]
[Black "Heil, Justin"]
[Result "1-0"]
[WhiteElo "800"]
[BlackElo "800"]
[PlyCount "53"]
[EventDate "2004.03.21"]
[EventType "match (corr)"]
[EventRounds "2"]
[SourceTitle "Corr 2008"]
[Source "ChessBase"]
[SourceDate "2008.06.24"]
[SourceVersion "1"]
[SourceVersionDate "2008.06.24"]
[SourceQuality "1"]

1. e4 e5 2. Nf3 d6 3. Bc4 c6 4. d4 Bg4 5. dxe5 dxe5 6. Qxd8+ Kxd8 7. Nxe5 Bh5 8. Bxf7 Bd6 9. Bxh5 Bxe5 10. Bg5+ Nf6 11. Nc3 Nbd7 12. 0-0-0 Kc7 13. Bxf6 Nxf6 14. Bf7 Rhf8 15. Bb3 Bxc3 16. bxc3 Nxe4 17. Rhe1 Rae8 18. f3 Nxc3 19. Rxe8 Rxe8 20. Rd3 Nb5 21. f4 Nd6 22. g4 Re4 23. Rf3 h6 24. h3 a5 25. f5 a4 26. Be6 Rxe6 27. fxe6 1-0